Essential mathematics for the modern world (Record no. 357907)
[ view plain ]
| 000 -LEADER | |
|---|---|
| fixed length control field | 00452nam a2200133Ia 4500 |
| 008 - FIXED-LENGTH DATA ELEMENTS--GENERAL INFORMATION | |
| fixed length control field | 180523s9999 xx 000 0 und d |
| 020 ## - INTERNATIONAL STANDARD BOOK NUMBER | |
| International Standard Book Number | 9789719809333 |
| 100 ## - MAIN ENTRY--PERSONAL NAME | |
| Personal name | Nocon, Rizaldi C. |
| 245 ## - TITLE STATEMENT | |
| Statement of responsibility, etc | Rizaldi C. Nocon, Ederlina G. Nocon. |
| Title | Essential mathematics for the modern world |
| 260 ## - PUBLICATION, DISTRIBUTION, ETC. (IMPRINT) | |
| Place of publication, distribution, etc | Quezon City : |
| Name of publisher, distributor, etc | C & E Publishing |
| Date of publication, distribution, etc | 2018 |
| 300 ## - PHYSICAL DESCRIPTION | |
| Extent | x, 503 pages : |
| Other physical details | illustrations ; |
| Dimensions | 26 cm. |
| 650 ## - SUBJECT ADDED ENTRY--TOPICAL TERM | |
| Topical term or geographic name as entry element | Mathematical statistics. |
| 650 ## - SUBJECT ADDED ENTRY--TOPICAL TERM | |
| Topical term or geographic name as entry element | Mathematics. |
| Withdrawn status | Lost status | Damaged status | Home library | Current library | Shelving location | Date acquired | Source of acquisition | Total Checkouts | Total Renewals | Full call number | Barcode | Date last seen | Date checked out | Price effective from | Koha item type |
|---|---|---|---|---|---|---|---|---|---|---|---|---|---|---|---|
| College Library | College Library | Filipiniana Section | 05/23/2018 | 1 | 11 | QA 36.5 .N63 2018 | C21524 | 10/27/2018 | 07/18/2018 | 05/23/2018 | Books |